[Event "IECC CL5-1999.05"]
[Site "IECC email"]
[Date "1999.01.31"]
[Round "?"]
[White "Roest, Thomas"]
[Black "Jewell, Barry"]
[Result "1-0"]
[WhiteElo "1576"]
[BlackElo "1544"]
[PlyCount "55"]
[EventDate "1999.??.??"]
[EventType "tourn (corr)"]
[EventRounds "4"]
[SourceTitle "Corr 2008"]
[Source "ChessBase"]
[SourceDate "2008.06.24"]
[SourceVersion "1"]
[SourceVersionDate "2008.06.24"]
[SourceQuality "1"]

1. e4 e5 2. Nf3 Nc6 3. Bc4 Bc5 4. b4 Bxb4 5. c3 Ba5 6. d4 exd4 7. 0-0 Nge7 8. Ng5 d5 9. exd5 Ne5 10. Qxd4 f6 11. Re1 Bb6 12. Qh4 Ng4 13. Ne4 Ne5 14. Qh5+ N7g6 15. Ng5 Bc5 16. d6 cxd6 17. Nf7 Qb6 18. Rxe5+ dxe5 19. Nxh8 Bxf2+ 20. Kh1 Bg4 21. Qxg4 Nxh8 22. Qxg7 0-0-0 23. Qg4+ Kb8 24. Qe2 Ng6 25. Na3 Bc5 26. Nc2 Nh4 27. Be3 f5 28. Bg5 1-0

[Event "IECC M email"]
[Site "IECC email"]
[Date "1999.01.13"]
[Round "?"]
[White "Bosmans, Joost L"]
[Black "Roest, Thomas"]
[Result "0-1"]
[WhiteElo "1512"]
[BlackElo "1572"]
[PlyCount "56"]
[EventDate "1999.??.??"]
[EventType "tourn (corr)"]
[EventRounds "6"]
[SourceTitle "Corr 2008"]
[Source "ChessBase"]
[SourceDate "2008.06.24"]
[SourceVersion "1"]
[SourceVersionDate "2008.06.24"]
[SourceQuality "1"]

1. c4 e5 2. Nc3 Bb4 3. Nd5 Bc5 4. Nf3 e4 5. d4 Bf8 6. Nd2 c6 7. Nc3 d5 8. Qa4 Nd7 9. cxd5 Nb6 10. Qc2 cxd5 11. Nb5 Bd6 12. Nxd6+ Qxd6 13. Nb3 Ne7 14. Bg5 Bd7 15. Rc1 Rc8 16. Nc5 Na4 17. b3 b6 18. bxa4 bxc5 19. dxc5 Qa6 20. Bxe7 Kxe7 21. Qc3 f6 22. a5 Rc7 23. e3 Bb5 24. Qb4 Bxf1 25. Rxf1 Rb7 26. Qa3 Rb5 27. f4 Rxa5 28. f5 Rxa3 0-1

[Event "IECC M email"]
[Site "IECC email"]
[Date "1999.01.13"]
[Round "?"]
[White "Cefola, Raymond N"]
[Black "Roest, Thomas"]
[Result "0-1"]
[WhiteElo "1575"]
[BlackElo "1605"]
[PlyCount "64"]
[EventDate "1999.??.??"]
[EventType "tourn (corr)"]
[EventRounds "6"]
[SourceTitle "Corr 2008"]
[Source "ChessBase"]
[SourceDate "2008.06.24"]
[SourceVersion "1"]
[SourceVersionDate "2008.06.24"]
[SourceQuality "1"]

1. d4 d5 2. c4 dxc4 3. e3 e5 4. Nc3 exd4 5. exd4 Bb4 6. Qa4+ Nc6 7. Nf3 a6 8. a3 b5 9. Qc2 Ba5 10. Qe4+ Nge7 11. Bg5 Bf5 12. Qe2 f6 13. Be3 Bd3 14. Qd1 Bxf1 15. Kxf1 0-0 16. Qc2 Nd5 17. Nxd5 Qxd5 18. Rd1 Rad8 19. Ke2 Rfe8 20. Rhe1 Bxe1 21. Kxe1 Ne7 22. Kf1 Nf5 23. Re1 c5 24. Qc3 cxd4 25. Nxd4 Nxd4 26. Rd1 Qe5 27. Rxd4 Rxd4 28. Qxd4 Qxd4 29. Bxd4 Kf7 30. Be3 Ke6 31. Ke2 Rd8 32. g4 Rd3 0-1

[Event "IECC Trio 670 email"]
[Site "IECC email"]
[Date "1999.01.13"]
[Round "?"]
[White "Jobe, Tom B"]
[Black "Roest, Thomas"]
[Result "0-1"]
[WhiteElo "1636"]
[BlackElo "1576"]
[PlyCount "36"]
[EventDate "1999.??.??"]
[EventType "tourn (corr)"]
[EventRounds "4"]
[SourceTitle "Corr 2008"]
[Source "ChessBase"]
[SourceDate "2008.06.24"]
[SourceVersion "1"]
[SourceVersionDate "2008.06.24"]
[SourceQuality "1"]

1. e4 e5 2. Nf3 Nf6 3. Nxe5 d6 4. Nf3 Nxe4 5. d4 d5 6. Bd3 Be7 7. 0-0 Nc6 8. Re1 Bg4 9. c3 f5 10. Qb3 0-0 11. Nbd2 Kh8 12. h3 Nxd2 13. Nxd2 Bh4 14. Qxb7 Bxf2+ 15. Kxf2 Qh4+ 16. g3 Qxh3 17. Nf1 Qh1 18. Qxc6 Qf3+ 0-1

[Event "IECC M email"]
[Site "IECC email"]
[Date "1999.01.13"]
[Round "?"]
[White "Roest, Thomas"]
[Black "Bosmans, Joost L"]
[Result "0-1"]
[WhiteElo "1600"]
[BlackElo "1491"]
[PlyCount "42"]
[EventDate "1999.??.??"]
[EventType "tourn (corr)"]
[EventRounds "6"]
[SourceTitle "Corr 2008"]
[Source "ChessBase"]
[SourceDate "2008.06.24"]
[SourceVersion "1"]
[SourceVersionDate "2008.06.24"]
[SourceQuality "1"]

1. e4 e5 2. Nf3 Nc6 3. Bc4 Nf6 4. d4 exd4 5. 0-0 Nxe4 6. Re1 d5 7. Bxd5 Qxd5 8. Nc3 Qc4 9. Rxe4+ Be6 10. Bg5 Qc5 11. Ne2 h6 12. Bd2 0-0-0 13. Nf4 Bg4 14. Nd3 Bxf3 15. gxf3 Qh5 16. Nf4 Qg5+ 17. Ng2 Qb5 18. b3 Bd6 19. Qe1 f5 20. Re6 Ne5 21. Qd1 Qd5 0-1

[Event "IECC Trio 670 email"]
[Site "IECC email"]
[Date "1999.01.13"]
[Round "?"]
[White "Roest, Thomas"]
[Black "Jobe, Tom B"]
[Result "0-1"]
[WhiteElo "1633"]
[BlackElo "1617"]
[PlyCount "86"]
[EventDate "1999.??.??"]
[EventType "tourn (corr)"]
[EventRounds "4"]
[SourceTitle "Corr 2008"]
[Source "ChessBase"]
[SourceDate "2008.06.24"]
[SourceVersion "1"]
[SourceVersionDate "2008.06.24"]
[SourceQuality "1"]

1. e4 c5 2. Nf3 d6 3. Bb5+ Bd7 4. Bxd7+ Nxd7 5. 0-0 Ngf6 6. Re1 g6 7. c3 Bg7 8. d4 d5 9. e5 Ne4 10. e6 fxe6 11. Nbd2 Ndf6 12. Nxe4 Nxe4 13. dxc5 0-0 14. Be3 Rc8 15. Bd4 e5 16. Be3 e6 17. Qb3 Qe7 18. Rad1 Nxc5 19. Bxc5 Qxc5 20. Re2 e4 21. Nd4 Qe7 22. Rc2 Rf7 23. Re1 a6 24. Rce2 Rc4 25. Rxe4 Bxd4 26. Rxd4 Qc5 27. Rd2 Rcf4 28. Qc2 R7f6 29. g3 Rf3 30. Kg2 Kf7 31. Ree2 b5 32. Rd4 a5 33. Rd3 Rxd3 34. Qxd3 b4 35. Re3 Qb6 36. Rf3 bxc3 37. Rxf6+ Kxf6 38. Qxc3+ d4 39. Qd2 e5 40. f3 Ke6 41. b3 Qb4 42. Qc2 Qc3 43. Qe2 d3 0-1